A Text Book of Engineering Mathematics Vol. - I (Record no. 51433)

MARC details
000 -LEADER
fixed length control field 00345nam a2200133Ia 4500
008 - FIXED-LENGTH DATA ELEMENTS--GENERAL INFORMATION
fixed length control field 220530s9999 xx 000 0 und d
041 ## - LANGUAGE CODE
Language code of text/sound track or separate title eng
082 ## - DEWEY DECIMAL CLASSIFICATION NUMBER
Classification number 510
Item number DES
100 ## - MAIN ENTRY--PERSONAL NAME
Personal name Deshmukh D T
9 (RLIN) 56780
245 ## - TITLE STATEMENT
Title A Text Book of Engineering Mathematics Vol. - I
260 ## - PUBLICATION, DISTRIBUTION, ETC. (IMPRINT)
Place of publication, distribution, etc. Nagpur
Name of publisher, distributor, etc. Surya Offset
Date of publication, distribution, etc. 2011
300 ## - PHYSICAL DESCRIPTION
Extent 624 P
Other physical details PB
906 ## - LOCAL DATA ELEMENT F, LDF (RLIN)
a 45
b GB
Holdings
Withdrawn status Lost status Damaged status Not for loan Collection code Home library Current library Date acquired Vendor Cost, normal purchase price Total Checkouts Total Renewals Full call number Barcode Date last seen Date last checked out Cost, replacement price Bill Date Koha item type Original Barcode
        Allied Science Cummins College of Engineering for Women Nagpur Cummins College of Engineering for Women Nagpur 18/01/2013 Book Source 300.00 13 2 510/DES/ CEWN-BK-3896 23/01/2026 30/12/2025 255.00 30/05/2022 Books 003896